figure out the taylor swift song pt 2 - Statistics

General Stats
  • This quiz has been taken 32 times
  • The average score is 213 of 273
Answer Stats
Answer % Correct
i
100%
a
97%
the
97%
you
97%
and
93%
on
93%
do
90%
go
90%
in
90%
me
90%
my
90%
that
90%
they
90%
who
90%
your
90%
im
86%
say
86%
to
86%
what
86%
said
83%
so
83%
then
83%
all
79%
but
79%
can
79%
dont
79%
ever
79%
if
79%
is
79%
its
79%
of
79%
see
79%
stay
79%
want
79%
been
76%
'cause
76%
cause
76%
could
76%
for
76%
ive
76%
leave
76%
men
76%
archer
72%
darling
72%
just
72%
like
72%
never
72%
night
72%
onto
72%
out
72%
right
72%
through
72%
up
72%
alone
69%
couldnt
69%
cruelty
69%
got
69%
hold
69%
movies
69%
prey
69%
ready
69%
again
66%
combat
66%
come
66%
die
66%
friends
66%
hate
66%
help
66%
here
66%
horses
66%
kings
66%
off
66%
old
66%
put
66%
reflection
66%
together
66%
wins
66%
almost
62%
cut
62%
easy
62%
enemies
62%
face
62%
fire
62%
getting
62%
grew
62%
hundred
62%
invisible
62%
nose
62%
ride
62%
smoke
62%
wake
62%
years
62%
dark
59%
from
59%
ghost
59%
jump
59%
pace
59%
room
59%
search
59%
side
59%
speeches
59%
spite
59%
started
59%
heros
55%
thrown
55%
train
45%
back
41%
screaming
41%
No matching quizzes found
Score Distribution
Percent of People with Each Score
Percentile by Number Answered
Your Score History
You have not taken this quiz